The Expendables Quiz - Statistics

General Stats
  • This quiz has been taken 24 times
  • The average score is 16 of 34
Answer Stats
Hint Answer % Correct
Lee Christmas Jason Statham
100%
Barney Ross Sylvester Stallone
100%
Yin Yamg Jet Li
88%
Gunnar Jensen Dolph Lundgren
76%
Hale Caesar Terry Crews
71%
Toll Road Randy Couture
65%
Doc Wesley Snipes
65%
Galgo Antonio Banderas
59%
Mr. Church Bruce Willis
59%
Billy the Kid Liam Hemsworth
59%
Release Year of The Expendables 3 2014
53%
Trench Arnold Schwarzenegger
53%
Conrad Stonebanks Mel Gibson
53%
Release Year of The Expendables 2010
47%
Release Year of The Expendables 2 2012
47%
Max Drummer Harrison Ford
47%
Vilain Jean-Claude Van Damme
47%
Actress to appear in The Expendables 4 Megan Fox
47%
Rapper to appear in The Expendables 4 50 Cent
41%
Only Expendable to have been killed off so far Billy the Kid
41%
Booker Chuck Norris
41%
Luna Ronda Rousey
41%
Director of The Expendables Sylvester Stallone
41%
Only Expendables film to be rated PG 13 The Expendables 3
41%
Godfather 3 actor to appear in Expendables 4 Andy Garcia
29%
Gulf Island where the first movie takes place Vilena
29%
Balkan Country where much of The Expendables franchise was filmed Bulgaria
24%
James Munroe Eric Roberts
24%
Name of Lee Christmas' Girlfriend Lacy
24%
City where The Expendables are stationed New Orleans
24%
Hector Scott Adkins
24%
Country where the first Expendables scene takes place Somalia
24%
Director of The Expendables 2, hint: Con Air Simon West
18%
Kung Fu actor to appear in The Expendables 4 Tony Jaa
18%
No matching quizzes found
Score Distribution
Percent of People with Each Score
Percentile by Number Answered
Your Score History
You have not taken this quiz